000 00857nam a2200205 i 4500
001 163096
003 ES-MaACL
005 20230906212652.0
008 050707s1865 sp | |||||||| ||spa d
040 _aCAM
_bspa
_cCAM
100 1 _aReboul, Eugenio.
_9131645
245 1 0 _aSeguros sobre la vida /
_cpor Eugenio Reboul; traduccion de Lázaro Gil Marconell; seguida de una reseña historica de las sociedades de seguros sobre la vida establecida en España, y una ligera esplicacion [sic] de sus estatudos.
260 _aMadrid :
_b[s.n.],
_c1865 (
_eImprenta de La Previsora, á cargo de H. Jordan)
300 _a312 p. ;
_c22 cm.
594 _aPrecede al tit.: Estudios sobre seguros.
650 4 _aSeguros.
_9136860
700 1 _aGil Marconell, Lázaro,
_etrad.
_9127305
752 _aEspaña -
_dMadrid
852 _aES-MaACL
_jG-1629
_z-- Enc. tela
999 _c163096
_d163096